| 000 | 00534nam a22001937a 4500 | ||
|---|---|---|---|
| 003 | OSt | ||
| 005 | 20160906142135.0 | ||
| 008 | 160906b xxu||||| |||| 00| 0 eng d | ||
| 020 | _a0387329064 | ||
| 040 | _cDDC. | ||
| 082 | _a006UNW 2006. | ||
| 100 |
_aUnwin,Antony;Theus,Martin;Hofmann;Heike; _911000 |
||
| 245 | _aStatistics and Computing. | ||
| 260 |
_aNew York. _bSpringer. _c2006. |
||
| 300 |
_axiii,271p; _bcol,ill: _c23cm. |
||
| 504 | _aReferences and Index are included. | ||
| 650 |
_aComputing. _9122 |
||
| 942 |
_2ddc _cO_SHELF |
||
| 999 |
_c5153 _d5153 |
||